| 000 | 00759 a2200289 4500 | ||
|---|---|---|---|
| 001 | 105454 | ||
| 020 | _a9780545178549 (trade : alk. paper) | ||
| 041 | _aeng | ||
| 082 | _a[E] | ||
| 092 | _a2009046651 | ||
| 100 | _aStrauss, Linda Leopold. | ||
| 250 | _a1st ed. | ||
| 300 | _a[21] p. | ||
| 697 | _aNursery schools - Fiction. | ||
| 697 | _aSchools | ||
| 697 | _aSchools - Fiction. | ||
| 697 | _aNursery schools | ||
| 697 | _aPicture books for children. | ||
| 697 | _aSchool stories. | ||
| 697 | _aStories in rhyme. | ||
| 856 | _u000009/000009bd.jpg | ||
| 040 |
_aBR-BrIDEA _cBR-BrIDEA |
||
| 090 |
_aAP Nursery [E] _bSTR |
||
| 245 | 1 | 0 |
_aPreschool day hooray! _c Linda Leopold Strauss |
| 260 |
_aNew York _bScholastic _c2010 |
||
| 942 | _cBK | ||
| 999 |
_c105454 _d105454 |
||